000 00463nam a2200145Ia 4500
008 100122s9999 xx 000 0 und d
082 _b53535
_a824
100 _aघारे दीपक
245 _aआपुलेनि अवकाशे
260 _bमॅजेस्टिक प्रकाशन
_c1997
300 _a153
630 _aआपुलेनि अवकाशे
730 _aआपुलेनि अवकाशे
942 _cBOOK
999 _c430544
_d430541